Ocho mil kilómetros en ocho días (la república a ojo de pájaro) (Record no. 7036)

MARC details
000 -CABECERA
campo de control de longitud fija 00720nam a2200217 a 4500
001 - NÚMERO DE CONTROL
campo de control BRCA_7360
005 - FECHA Y HORA DE LA ÚLTIMA TRANSACCIÓN
campo de control 20190320205816.0
008 - DATOS DE LONGITUD FIJA--INFORMACIÓN GENERAL
campo de control de longitud fija 280213s1945----mx-a######---#000-0#spa-#
041 ## - CÓDIGO DE LENGUA
Código de lengua del texto/banda sonora o título independiente spa
044 ## - CÓDIGO DEL PAÍS DE LA ENTIDAD EDITORA/PRODUCTORA
Código MARC del país mx
050 #4 - SIGNATURA TOPOGRÁFICA DE LA BIBLIOTECA DEL CONGRESO
Número de clasificación F1215
Número de documento/Ítem .V55 1945
100 1# - ENTRADA PRINCIPAL--NOMBRE DE PERSONA
Nombre de persona Villenave, Carlos G.
9 (RLIN) 18189
245 10 - MENCIÓN DE TÍTULO
Título Ocho mil kilómetros en ocho días (la república a ojo de pájaro)
Mención de responsabilidad, etc. Carlos G. Villenave.
260 ## - PUBLICACIÓN, DISTRIBUCIÓN, ETC.
Lugar de publicación, distribución, etc. México
Nombre del editor, distribuidor, etc. Clásica
Fecha de publicación, distribución, etc. 1945
300 ## - DESCRIPCIÓN FÍSICA
Extensión 38 p.
Otras características físicas il.
500 ## - NOTA GENERAL
Nota general Reportaje de un vuelo de circunvalación en México, realizado por un avión de la Fuerza Aérea Mexicana, llevando una misión de periodistas
500 ## - NOTA GENERAL
Nota general Q44
651 #4 - PUNTO DE ACCESO ADICIONAL DE MATERIA--NOMBRE GEOGRÁFICO
Nombre geográfico México
Subdivisión general Descripción y viajes
9 (RLIN) 103
902 ## - CATALOGADOR
Iniciales GFM
942 ## - ELEMENTOS DE PUNTO DE ACCESO ADICIONAL (KOHA)
Fuente del sistema de clasificación o colocación Library of Congress Classification
Tipo de ítem Koha Libros
Holdings
Estado de retiro Estado de pérdida Estado dañado No para préstamo Localización permanente Ubicación/localización actual Fecha de adquisición Número de inventario Total de préstamos Signatura topográfica completa Código de barras Fecha visto por última vez Precio válido a partir de Tipo de ítem Koha
El ejemplar forma parte de la colección y puede ser consultado según las políticas vigentes.       Biblioteca del Museo Franz Mayer (Rogerio Casas-Alatriste) Biblioteca del Museo Franz Mayer (Rogerio Casas-Alatriste) 28/02/2013 Q44   F1215 .V55 1945 (Q44) 7957 22/03/2019 22/03/2019 Libros